Poštovní známky - koníček, nebo investice? : průvodce sběratele a investora : i vaše sbírka známek z dětství může mít velikou hodnotu /

Hlavní autor: Novák, Radek
Jazyk: Čeština
Vydáno: [Humpolec] : vlastním nákladem vydal autor, 2020
Vydání: První vydání
Témata:
Fyzický popis: 339 stran : ilustrace (převážně barevné), portréty, faksimile ; 25 cm
Knihy
Uloženo v:
LEADER 01851nam a2200505 i 4500
001 nkc20203256377
003 CZ PrNK
005 20211209133038.0
007 ta
008 201001s2020 xr ach e f 000 0 cze
015 |a cnb003256377 
020 |a 978-80-270-8507-1  |q (vázáno) 
035 |a (OCoLC)1284974134 
040 |a BOA001  |b cze  |d ABA001  |e rda 
072 7 |a 656.8  |x Poštovní služby a správa  |2 Konspekt  |9 4 
080 |a 656.835.11  |2 MRF 
080 |a 656.835.91  |2 MRF 
080 |a 330.322  |2 MRF 
080 |a (0.062)  |2 MRF 
100 1 |a Novák, Radek  |7 xx0257165  |4 aut  |4 pbl 
245 1 0 |a Poštovní známky - koníček, nebo investice? :  |b průvodce sběratele a investora : i vaše sbírka známek z dětství může mít velikou hodnotu /  |c Radek Novák 
250 |a První vydání 
264 1 |a [Humpolec] :  |b vlastním nákladem vydal autor,  |c 2020 
300 |a 339 stran :  |b ilustrace (převážně barevné), portréty, faksimile ;  |c 25 cm 
336 |a text  |b txt  |2 rdacontent 
336 |a statický obraz  |b sti  |2 rdacontent 
337 |a bez média  |b n  |2 rdamedia 
338 |a svazek  |b nc  |2 rdacarrier 
500 |a Terminologický slovník 
504 |a Obsahuje bibliografické odkazy 
588 |a Popsáno podle dotisku 2020  |5 CZ-PrNK 
650 0 7 |a poštovní známky  |7 ph115855  |2 czenas 
650 0 7 |a filatelie  |7 ph114532  |2 czenas 
650 0 7 |a investice  |7 ph114790  |2 czenas 
650 0 9 |a postage stamps  |2 eczenas 
650 0 9 |a stamp collecting  |2 eczenas 
650 0 9 |a investments  |2 eczenas 
655 7 |a populárně-naučné publikace  |7 fd131864  |2 czenas 
655 9 |a popular works  |2 eczenas 
910 2 |a BOA001  |b 2-1470.719 
928 9 |a Radek Novák 
990 |a BK 
995 |a 01 
991 |b 202109  |c NOV 
996 6 |b 2610878144  |c 2-1470.719  |l MZK  |r Sklad / do 1 hodiny  |n 4  |p p.v.  |w 001862601  |u 000010  |a 1  |e BOA001  |j MZK50  |s P